Impact of non-cooperative oligopoly of the bankin system on its pro-cyclicality in the Czech Republic

Problematika neracionálneho správania sa bánk v dobe ekonomického ochladenia vo forme nezdravej redukcie úverov pre reálnu ekonomiku.

Saved in:
Bibliographic Details
Main Author: Tisoň, David
Format: Book Chapter
Language:English
Subjects:
Tags: Add Tag
No Tags, Be the first to tag this record!

MARC

LEADER 00000naa a2200000 4500
001 0190149
005 20220715113239.2
041 0 |a eng 
044 |a CZ 
245 1 0 |a Impact of non-cooperative oligopoly of the bankin system on its pro-cyclicality in the Czech Republic  |c David Tisoň 
520 |a Problematika neracionálneho správania sa bánk v dobe ekonomického ochladenia vo forme nezdravej redukcie úverov pre reálnu ekonomiku. 
610 2 0 |a Česko 
610 2 0 |a oligopoly 
610 2 0 |a kríza finančná 
610 2 0 |a stratégia obchodná 
610 2 0 |a úver 
610 2 0 |a banky 
100 1 |a Tisoň, David